Commerce et commercants dans la literature /
Guardado en:
| Autor Principal: | |
|---|---|
| Formato: | Libro |
| Publicado: |
Bordeaux :
Presses Universitaires,
1988
|
| Materias: | |
| Etiquetas: |
Agregar Etiqueta
Sin Etiquetas, Sea el primero en etiquetar este registro!
|
| LEADER | 00492nam a22001575a 4500 | ||
|---|---|---|---|
| 001 | EHU.bham006821 | ||
| 003 | AR-BHAM | ||
| 005 | 20090702144159.0 | ||
| 008 | 130507s1988##################000#0#####d | ||
| 082 | 8 | 0 | |a 804 |
| 100 | 1 | |a Thomasseau, Jean-marie | |
| 245 | 1 | 0 | |a Commerce et commercants dans la literature / |c Jean-marie Thomasseau. |
| 260 | |a Bordeaux : |b Presses Universitaires, |c 1988 | ||
| 300 | |a 313 p. | ||
| 653 | |a Literatura-ensayos | ||
| 859 | |a AR-BHAM |b BIB. HUMANIDADES - General |h 804 |i T368 |p 291.91 |t Ej.1 | ||
